banner koha

Analise agro-economica do algodoeiro herbaceo explorado em sistemas de consorcio [Gossypium herbaceum, Zea mays, Phaseolus vulgaris, Paraiba] (Registro n. 279267)

MARC details
000 -LÍDER
campo de controle de tamanho fixo 01238nac a22003377a 4500
001 - NÚMERO DE CONTROLE
campo de controle BR8602152
003 - IDENTIFICADOR DO NÚMERO DE CONTROLE
campo de controle BR-BrBNA
005 - DATA E HORÁRIO DA ÚLTIMA TRANSAÇÃO
campo de controle 20240105120413.0
008 - CAMPO DE DADOS FIXOS--INFORMAÇÃO GERAL
campo de controle de tamanho fixo 230509b bl.|||m| |||| 00| 0 por d
040 ## - FONTE DA CATALOGAÇÃO
Instituição da catalogação original BR-BrBNA
Idioma da catalogação por
Instituição que transcreveu o registro Biblioteca Nacional de Agricultura
072 ## - CÓDIGO DE CATEGORIA DE ASSUNTO
Código de Categoria de Assunto F08; E16
090 ## - NÚMERO DE CHAMADA LOCAL
Número de chamada 0430 BR8602152
100 1# - ENTRADA PRINCIPAL--NOME PESSOAL
Nome pessoal Santos, J.F. dos
100 1# - ENTRADA PRINCIPAL--NOME PESSOAL
Nome pessoal Aranha, W. da S.
110 1# - ENTRADA PRINCIPAL--NOME CORPORATIVO
Nome corporativo ou nome da jurisdição Empresa Estadual de Pesquisa Agropecuaria da Paraiba S.A., Joao Pessoa (Brasil)
245 1# - TÍTULO
Título Analise agro-economica do algodoeiro herbaceo explorado em sistemas de consorcio [Gossypium herbaceum, Zea mays, Phaseolus vulgaris, Paraiba]
246 1# - FORMA VARIANTE DO TÍTULO
Título/título abreviado [Agro-economical analysis of herbaceous cotton cropped in association systems]
260 3# - PUBLICAÇÃO, DISTRIBUIÇÃO, ETC.
Local de publicação, distribuição, etc. Joao Pessoa, PB (Brasil):
Data da publicação, distribuição, etc. 1986.
300 ## - DESCRIÇÃO FÍSICA
Extensão 5 p.
490 ## - TÍTULO DA SÉRIE
Título da série Pesquisa em Andamento - Empresa Estadual de Pesquisa Agropecuaria da Paraiba S.A. (Brazil)
Número do volume ou designação sequencial da série no. 36
ISSN - International Standard Serial Number ISSN 0101-9406
650 ## - ASSUNTO--TERMO TÓPICO
Cabeçalho tópico ou nome geográfico ALGODAO HERBACEO
650 ## - ASSUNTO--TERMO TÓPICO
Cabeçalho tópico ou nome geográfico MILHO
650 ## - ASSUNTO--TERMO TÓPICO
Cabeçalho tópico ou nome geográfico FEIJAO
650 ## - ASSUNTO--TERMO TÓPICO
Cabeçalho tópico ou nome geográfico CONSORCIACAO DE CULTURA
650 ## - ASSUNTO--TERMO TÓPICO
Cabeçalho tópico ou nome geográfico RENDIMENTO
650 ## - ASSUNTO--TERMO TÓPICO
Cabeçalho tópico ou nome geográfico ANALISE ECONOMICA
650 ## - ASSUNTO--TERMO TÓPICO
Cabeçalho tópico ou nome geográfico SERRA DO TEIXEIRA
650 ## - ASSUNTO--TERMO TÓPICO
Cabeçalho tópico ou nome geográfico PARAIBA
909 ## -
-- 202312
-- Lúcia Elande
-- 55
-- Lúcia Elande
942 ## - ELEMENTOS DE ENTRADA ADICIONADOS (KOHA)
Fonte da classificação ou esquema de arquivamento na estante Classificação AGRIS
Ocultar no OPAC Não
Tipo de material Koha Monografia Seriada
Exemplares
Situação do descarte Fonte da classificação ou esquema de arquivamento na estante Situação física Não pode ser emprestado Coleção Biblioteca de origem Biblioteca atual Localização na estante Total de empréstimos Número de telefone completo Código de barras Data de último acesso Tipo de material Koha Fonte de aquisição
  Classificação AGRIS       Biblioteca Nacional de Agricultura - Binagri Biblioteca Nacional de Agricultura - Binagri Agrobase - Acervo Geral   0430 BR8602152 0430 BR8602152 18/12/2023 Monografia Seriada Portaria Interministerial nº 164/94

BINAGRI

Telefone: (61)3218-2567/2388/3357/2097 - binagri@agro.gov.br

Ministério da Agricultura e Pecuária , Esplanada dos Ministérios, Bloco D, Anexo B, Brasília/DF, CEP: 70.043-900